| 000 | 00368nam a2200145Ia 4500 | ||
|---|---|---|---|
| 008 | 150301s2010 xx 000 0 und d | ||
| 082 |
_a610.7367 _bF10G |
||
| 100 | _aGOWDA, SN NANJUNDE | ||
| 245 | _aFUNDAMENTAL OF NURSING FOR GNM | ||
| 250 | _a2ND | ||
| 260 |
_bJAYPEE MEDICAL PUB. _c2010 |
||
| 300 | _a478 | ||
| 650 | _aFUNDAMENTAL OF NURSING | ||
| 942 |
_2ddc _cBK _034 |
||
| 999 |
_c6798 _d6798 |
||